00503nam a2200157 a 4500008004100000020001500041050001800056100001900074245004300093260007500136300002100211350000900232490006500241650001100306650002800317060705s2005 ||||||||||||||||| || u a9991663169 aQK 720.Z3 Phi aPhiri, P. S. M12aA checklist of Zambian vascular plants aPretoria:bSouthern African Botanical Diversity Network(SABONET)c2005 axii, 169p.: ill. a0.00 aSouthern African Botannical Diversity Network report, no. 32 aBOTANY aVASCULAR PLANTS--ZAMBIA